Темная материя в галактиках и рост гигантских черных дыр; Журнал экспериментальной и теоретической физики; Т. 125, вып. 1

מידע ביבליוגרפי
Parent link:Журнал экспериментальной и теоретической физики=ЖЭТФ/ Российская академия наук (РАН) ; Отделение физических наук РАН.— , 1931-.— 0044-4510
Т. 125, вып. 1.— 2004.— с. 5-18
מחבר ראשי: Ильин А. С.
מחברים אחרים: Зыбин К. П., Гуревич А. В.
שפה:רוסית
יצא לאור: 2004
סדרה:Гравитация, астрофизика
נושאים:
פורמט: MixedMaterials Book Chapter
KOHA link:https://koha.lib.tpu.ru/cgi-bin/koha/opac-detail.pl?biblionumber=431624

MARC

LEADER 00000naa2a2200000 4500
001 431624
005 20231101075411.0
035 |a (RuTPU)RU\TPU\prd\91783 
035 |a RU\TPU\prd\24037 
090 |a 431624 
100 |a 20101202a2004 k y0rusy50 ca 
101 0 |a rus 
102 |a RU 
200 1 |a Темная материя в галактиках и рост гигантских черных дыр  |f А. С. Ильин, К. П. Зыбин, А. В. Гуревич 
225 1 |a Гравитация, астрофизика 
320 |a Библиогр.: 23 назв. 
461 1 |0 (RuTPU)RU\TPU\prd\1443  |x 0044-4510  |t Журнал экспериментальной и теоретической физики  |l ЖЭТФ  |f Российская академия наук (РАН) ; Отделение физических наук РАН  |d 1931- 
463 1 |0 (RuTPU)RU\TPU\prd\91782  |t Т. 125, вып. 1  |v с. 5-18  |d 2004 
610 1 |a черные дыры 
610 1 |a темная материя 
610 1 |a галактики 
610 1 |a самосогласованное гравитационное поле 
610 1 |a барионное вещество 
610 1 |a кинетические уравнения 
610 1 |a затравочная черная дыра 
610 1 |a исследование 
700 1 |a Ильин  |b А. С. 
701 1 |a Зыбин  |b К. П. 
701 1 |a Гуревич  |b А. В. 
801 1 |a RU  |b 63413507  |c 20040318  |g PSBO 
801 2 |a RU  |b 63413507  |c 20101202  |g RCR 
942 |c BK